000 00455nam a2200181Ia 4500
005 20250423095047.0
008 250422s9999 xx 000 0 und d
020 _a0-03-03427-2
050 _aTK 7868 .L6 G37/
100 _aGarrod, Susan A. R.
245 0 _aDigital logic : analisys, application and design
260 _aPhiladelphia
260 _bSaunders College Publishing
260 _c1991
300 _a1128 p
650 _aEE
942 _cBK
999 _c29120
_d29120